الوثائق السياسية والادارية العائدة للعصور العباسية المتتابعة 247 - 656 هـ - 861 - 1258 م / (Record no. 66526)
[ view plain ]
| 000 -الفاتح | |
|---|---|
| حقل البيانات ثابتة الطول | 00663nam a2200181Ia 4500 |
| 005 - وقت وتاريخ اخر تعامل مع التسجيلة | |
| رقم الضبط | 20240530110924.0 |
| 008 - عناصر البيانات ثابتة الطول - معلومات عامة | |
| حقل البيانات ثابتة الطول | 140319s9999 xx 000 0 ara d |
| 040 ## - مصدر الفهرسة | |
| وكالة الفهرسة الأصلية | GCL / |
| وكالة النسخ | GCL |
| 082 04 - رقم تصنيف ديوى العشرى | |
| رقم التصنيف | 953.07 |
| رقم المادة | م و |
| 100 0# - المدخل الرئيسى - إسم شخصى | |
| الإسم الشخصى | محمد ماهر حمادة |
| 245 12 - بيان العنوان | |
| العنوان | الوثائق السياسية والادارية العائدة للعصور العباسية المتتابعة 247 - 656 هـ - 861 - 1258 م / |
| بيان المسئوليه,etc | محمد ماهر حمادة |
| 300 ## - الوصف المادى | |
| التعداد | 516 ص |
| 490 0# - بيان السلسلة | |
| عنوان السلسلة | سلسلة وثائق الاسلام ؛ |
| رقم المجلد/ التعيين التسلسلي | 3 |
| 650 04 - المدخل الاضافى بالموضوع-مصطلح موضوعى | |
| مصطلح موضوعي | التاريخ الاسلامى |
| 650 04 - المدخل الاضافى بالموضوع-مصطلح موضوعى | |
| مصطلح موضوعي | الدولة العباسية - تاريخ |
| 942 ## - عناصر المدخل الإضافي( كوها) | |
| مصدر التصنيف او مخطط الترفيف | Dewey Decimal Classification |
| Koha [default] item type | كتاب |
| حالة التراجع | حالة الفقد | مصدر التصنيف او خطة الترفيف | حالة تلف | ليس للاعارة | المكان المؤقت | الموقع الحالى | تاريخ الاكتساب | اجمالي اﻻعارات | رقم الطلب | الباركود | تاريخ اخر مشاهدة | تاريخ تفعيل السعر | نوع وعاء كوها |
|---|---|---|---|---|---|---|---|---|---|---|---|---|---|
| ddc | مكتبة القاهرة الكبرى | مكتبة القاهرة الكبرى | 06/20/2022 | 953.07\م و | 168094 | 06/20/2022 | 06/20/2022 | كتاب | |||||
| ddc | مكتبة القاهرة الكبرى | مكتبة القاهرة الكبرى | 06/20/2022 | 953.07\م و | 168095 | 06/20/2022 | 06/20/2022 | كتاب |

